000 00547nam a22001817a 4500
999 _c178020
_d178020
005 20210311174449.0
010 _aENG-129219
020 _a978-93-90396-06-1
_c112.00
035 _aEN-112751
037 _bDBAD/PUB
082 _a158
100 _aBansal, Shivam
245 _aThe Four Unpredictable Years/
_cShivam Bansal
260 _aDelhi
_bBlue Rose Publishers
_c2020
270 _bDelhi
_e110002
_a4233/1, Ansari Road, Darya Ganj
_minfo@bluerosepublishers.com
300 _a34p.
_c20cm(pbk)
942 _2ddc
_cEN
_h158
_mBAN